00550 2200193 4500001002100000005001500021035002000036008004100056245010700097100002000204260003900224300001300263084001400276082000800290650001600298250000600314020001800320990001800338INLIS00000000000034520240813102954 a0010-0724000345240813 0 ind 1 aBagaiman Membuat Proyek Ilmu Pengetahuanmu Menjadi Ilmiah Benda-Benda disekitar Kita /cThomas Moorman aMoorman, Thomas aBandung :bPT. Intan Sejati,c2003 a104 hlm. a001 Tho b a001 4aEnsiklopedi a2 a0-471-41920-6 aP29/CP/24/345